000
00292nam a2200133Ia 4500
100
_a
Sidders/P.A
942
_c
BK
654
_a
World Screw
245
_a
Guide to World Screw Threads
260
_b
Industrial Press
_a
NEWYORK
_c
1969
082
_a
621.8
300
_a
318
546
_a
ENGLISH
999
_c
28290
_d
28290